Mexicanidad versus identidad nacional / (Registro nro. 73277)

Detalles MARC
000 -LEADER
fixed length control field 00730cam a2200229 4500
005 - DATE AND TIME OF LATEST TRANSACTION
control field 20170525140057.0
008 - FIXED-LENGTH DATA ELEMENTS--GENERAL INFORMATION
fixed length control field 081220s2005 mx 000 0 spa u
020 ## - INTERNATIONAL STANDARD BOOK NUMBER
International Standard Book Number 9707224037
050 04 - LIBRARY OF CONGRESS CALL NUMBER
Classification number F1210
Item number A77 2005
100 1# - MAIN ENTRY--PERSONAL NAME
Personal name Arredondo Ramírez, Martha Luz.
245 10 - TITLE STATEMENT
Title Mexicanidad versus identidad nacional /
Statement of responsibility, etc Martha Luz Arredondo Ramírez.
250 ## - EDITION STATEMENT
Edition statement 1a ed.
260 ## - PUBLICATION, DISTRIBUTION, ETC. (IMPRINT)
Place of publication, distribution, etc México :
Name of publisher, distributor, etc Universidad Autónoma del Estado de Morelos,
Date of publication, distribution, etc 2005
300 ## - PHYSICAL DESCRIPTION
Extent 192 p. ;
Dimensions 20 cm.
490 #0 - SERIES STATEMENT
Series statement Educación
504 ## - BIBLIOGRAPHY, ETC. NOTE
Bibliography, etc Bibliografía : p. 183-192
506 ## - RESTRICTIONS ON ACCESS NOTE
Terms governing access Rec. Esc.
650 #7 - SUBJECT ADDED ENTRY--TOPICAL TERM
Source of heading or term Librunam
Topical term or geographic name as entry element Características nacionales mexicanas
650 #7 - SUBJECT ADDED ENTRY--TOPICAL TERM
Source of heading or term Lemb
Topical term or geographic name as entry element Valores
Geographic subdivision México
942 ## - ADDED ENTRY ELEMENTS (KOHA)
Source of classification or shelving scheme Biblioteca del Cogreso de los Estados Unidos
Koha item type Libro
Existencias
Estado de pérdida Fuente de clasificación Estado del daño No para préstamo Ubicación permanente Ubicación actual Apartado o colección Fecha de adquisición Fuente de adquisición Edición Área del conocimiento Clasificación Código de Barras Date last seen Número de copia Costo por reposición Tipo de recurso Dependencia de educación superior (DES)
  Biblioteca del Cogreso de los Estados Unidos     Biblioteca de la Facultad de Psicología Biblioteca de la Facultad de Psicología General 04/03/2016 Donación 1a. Ciencias de la Salud F1210 A77 2005 BFP000011404 04/03/2016 1 1.00 Libro  
  Biblioteca del Cogreso de los Estados Unidos     Biblioteca del Instituto de Investigaciones Históricas Biblioteca del Instituto de Investigaciones Históricas General 29/03/2017 Proyecto de Investigación 1a ed. Ciencias Sociales y Administrativas F1210 A77 2005 IIH000001093 29/03/2017 C:1   Libro Humanidades